Hnojenie ozimného jačmeňa pestovaného na sladovnícke a kŕmne účely dusíkom

Bibliographic Details
Main Authors: Benčíková, Mária (Author), Slamka, Pavol (Author)
Format: Book
Language:Slovak
PhysicalDescription:100 s. grafy, sch., tab. 25 cm
Published: Nitra Slovenská poľnohospodárka univerzita 2010
ISBN:9788055203638
Edition:1. vyd.
Subjects:

MARC

LEADER 00000nam a2200000 a 4500
001 vtls010172317
003 SK-MaSNL
005 20260301093226.0
008 240318s2010 xo dl f a 000 0 slo
015 |a SNBA2010/12-06273 
020 |a 9788055203638  |q (brož.) 
035 |a 1DCB83DB-540A-4FAA-909B-12CEC2AFD9C9 
035 |a urn:nbn:sk:snk-amkaxn 
035 |a urn:nbn:sk:snk-am003x57 
040 |a SNK  |b slo  |c SNK  |e AACR2 
041 0 |a slo  |b eng 
044 |a xo  |c SK 
072 7 |a 633  |x Rastlinná výroba  |2 konspekt 
072 7 |a 631  |x Poľnohospodárstvo. Pedológia. Agrotechnika. Agroekológia  |2 konspekt 
080 |a 633.16  |2 2001 
080 |a 633.1"324"  |2 2001 
080 |a 633  |2 2001 
080 |a 636.085.55  |2 2001 
080 |a 631.8  |2 2001 
080 |a 631.82/.85  |2 2001 
080 |a 663.421  |2 2001 
080 |a (048.8)  |2 2001 
100 1 |a Benčíková, Mária  |4 aut  |9 425268 
245 1 0 |a Hnojenie ozimného jačmeňa pestovaného na sladovnícke a kŕmne účely dusíkom  |c Mária Benčíková, Pavol Slamka 
250 |a 1. vyd. 
260 |a Nitra  |b Slovenská poľnohospodárka univerzita  |c 2010 
300 |a 100 s.  |b grafy, sch., tab.  |c 25 cm 
366 |e 50 výt. 
504 |a Bibliogr. s. 90-100 
546 |a Res. angl. 
650 0 7 |a ozimné obilniny  |2 SNKPH  |9 58554 
650 0 7 |a Winter grain  |2 SNKPHeng  |9 237811 
650 0 7 |a jačmeň  |2 SNKPH  |9 20188 
650 0 7 |a Hordeum  |2 SNKPHeng  |9 401400 
650 0 7 |a pestovanie poľných rastlín  |2 SNKPH  |9 31784 
650 0 7 |a Field crops cultivation  |2 SNKPHeng  |9 317676 
650 0 7 |a kŕmne zmesi  |2 SNKPH  |9 71250 
650 0 7 |a Compound feedstuffs  |2 SNKPHeng  |9 364250 
650 0 7 |a hnojenie  |2 SNKPH  |9 14850 
650 0 7 |a Fertilizing  |2 SNKPHeng  |9 312637 
650 0 7 |a Nitrogen fertilizers  |2 SNKPHeng  |9 425269 
650 0 7 |a dusíkaté hnojivá  |2 SNKPH  |9 17141 
650 0 7 |a Mineral fertilizers  |2 SNKPHeng  |9 425270 
650 0 7 |a minerálne hnojivá  |2 SNKPH  |9 16508 
650 0 7 |a sladovnícky jačmeň  |2 SNKPH  |9 28810 
650 0 7 |a Malting barley  |2 SNKPHeng  |9 425271 
655 7 |a monografie  |2 SNKPH  |9 70139 
655 7 |a Monographs  |2 SNKPHeng  |9 120675 
700 1 |a Slamka, Pavol  |4 aut  |9 12787 
919 |a 978-80-552-0363-8 
958 |a OND 
958 |a NB 
968 |d 63 
999 |c 676371  |d 678301 
952 |a SNK  |b SNK  |y PREZ  |7 0  |p 17A0673807  |o snkSC 142170  |i snk2010/20669  |8 0  |0 0  |1 0  |4 0  |d 2010-09-27  |f 1  |l 0  |r 2025-07-10 00:00:00  |w 2026-02-23 
952 |a SNK  |b SNK  |y VYP  |7 0  |p 17A0673806  |o snkSC 142170 D1  |i snk2010/20670  |8 0  |0 0  |1 0  |4 0  |d 2010-09-27  |l 0  |r 2026-02-23 19:42:20  |w 2026-02-23